000 00462 a2200157 4500
020 _a8125901809
082 _a658.15032
090 _c2631
_d2631
100 _aK K Sharma
245 _aFinancial Administration in Government
_cK K Sharma
250 _a1st
260 _aNew Delhi
_bVikas Publishing House & Lal Bahadur Shastri National Academy of Administration Mussoorie
_c1996
300 _a186p
500 _aPaper Cover
942 _aNBS
_cBK
_k658.15032 SHA
999 _c345124
_d345124